<?xml version="1.0" encoding="UTF-8"?>
<record
    xmlns:xsi="http://www.w3.org/2001/XMLSchema-instance"
    xsi:schemaLocation="http://www.loc.gov/MARC21/slim http://www.loc.gov/standards/marcxml/schema/MARC21slim.xsd"
    xmlns="http://www.loc.gov/MARC21/slim">

  <leader>01913nam a2200181Ia 4500</leader>
  <controlfield tag="008">230916s9999    xx            000 0 und d</controlfield>
  <datafield tag="020" ind1=" " ind2=" ">
    <subfield code="a">97808010987960801098793</subfield>
  </datafield>
  <datafield tag="041" ind1=" " ind2=" ">
    <subfield code="a">eng</subfield>
  </datafield>
  <datafield tag="050" ind1=" " ind2=" ">
    <subfield code="a">BS2361.3 </subfield>
    <subfield code="b">.S73 2019</subfield>
  </datafield>
  <datafield tag="245" ind1=" " ind2="4">
    <subfield code="a">The State of New Testament Studies :</subfield>
    <subfield code="b">A Survey of Recent Research /</subfield>
    <subfield code="c">edited by Scot McKnight and Nijay K. Gupta</subfield>
  </datafield>
  <datafield tag="260" ind1=" " ind2=" ">
    <subfield code="a">Grand Rapids : </subfield>
    <subfield code="b">Baker Academic, </subfield>
    <subfield code="c">2019</subfield>
  </datafield>
  <datafield tag="300" ind1=" " ind2=" ">
    <subfield code="a">xiv, 496 p. </subfield>
    <subfield code="b">; </subfield>
    <subfield code="c">23 cm.</subfield>
  </datafield>
  <datafield tag="505" ind1=" " ind2=" ">
    <subfield code="a">Introduction / Nijay K. Gupta and Scot Mcknight -- Part 1. Ancient context: Early Christianity and the Roman Empire / Greg Carey -- Women in the Jewish, Greco-Roman, and Early Christian world / Lynn H. Cohick -- Part 2. Interpretation: Hermeneutics and exegesis / Dennis R. Edwards -- The Old Testament in the New Testament / Matthew W. Bates -- The genre of the Gospels / Wes Olmstead -- The study of the Greek language / Dana M. Harris -- Part 3. Jesus, Paul, and New Testament theology: Jesus of Nazareth / Rebekah Eklund -- New Testament christology / David B. Capes -- Paul, a Jew among Jews, Greeks, and Romans / Michael F. Bird -- Pauline theology: perspectives, perennial topics, and prospects / Michael J. Gorman -- New Testament eschatologies / Patrick Mitchel -- New Testament ethics / Nijay K. Gupta -- Part 4. New Testament texts: The Gospel of Matthew / Rodney Reeves -- The Gospel of Mark / Jin Young Choi -- The Gospel of Luke / Drew J. Strait -- The Gospel of John / Alicia D. Myers -- The Acts of the Apostles / Joshua W. Jipp -- Paul and Romans / Scot McKnight -- The Epistle to the Hebrews / David M. Moffitt -- The Epistle of James / Mariam Kamell Kovalishyn -- The Petrine letters / Abson Joseph -- The Epistles of John / Toan Do -- The Book of Revelation / Michael C. Thompson.</subfield>
  </datafield>
  <datafield tag="650" ind1=" " ind2=" ">
    <subfield code="a">Bible. New Testament.Hermeneutics.Criticism, interpretation, etc..</subfield>
  </datafield>
  <datafield tag="700" ind1=" " ind2=" ">
    <subfield code="a">Gupta, Nijay K. </subfield>
  </datafield>
  <datafield tag="700" ind1=" " ind2=" ">
    <subfield code="a">McKnight, Scot </subfield>
  </datafield>
  <datafield tag="999" ind1=" " ind2=" ">
    <subfield code="c">48104</subfield>
    <subfield code="d">48104</subfield>
  </datafield>
</record>
